000 01149nam a2200277 i 4500
001 106818
003 ES-MaACL
005 20250904073104.0
007 t|
008 061229s1962 sp ||||1| spa d
080 _a7.031.2(=87)(083.824)
245 0 0 _aArte precolombino
_b: [exposición, Sala de Santa Catalina del Ateneo de Madrid, del 29 de mayo al 12 de junio de 1962] /
_c[texto: José de Castro Arines].
260 _aMadrid :
_bEditora Nacional,
_c1962.
300 _a[38] p. :
_bprincipalmente il. n. ;
_c18 cm.
490 1 _aCuadernos de arte. Colección extraordinaria ;
_v11
610 2 7 _aAteneo de Madrid-
_vExposiciones-
_y1960-1969.
_91920
650 1 4 _aArte precolombino-
_vExposiciones
_910267
655 7 _2tgfbne
_9193628
_aCatálogos de exposiciones
700 1 _aCastro Arines, José de,
_d1913-1997
_936907
710 2 _aAteneo de Madrid.
_bSala de Santa Catalina.
_91964
830 0 _aCuadernos de arte. Colección extraordinaria ;
_v11
_9185320
852 _aES-MaACL
_j2212-F-11
_bR.138519
852 _aES-MaACL
_j2255-F-11
_9110893
_bR.138519
_cDEPOF
942 _2udc
_cFOLLETOS
999 _c106818
_d106818